|
|
|
|
| LEADER |
00000nab#a22000007a#4500 |
| 001 |
arbauad029124 |
| 003 |
AR-BaUAD |
| 005 |
20250711112348.0 |
| 008 |
971110|||||||||###||||||b###|0###a|spa|| |
| 040 |
|
|
|a AR-BaUAD
|c AR-BaUAD
|b spa
|
| 100 |
|
|
|a Orlandi, Gabriella
|
| 245 |
|
|
|a La luce e lo spazio /
|c Gabriella Orlandi; Luciano Pagani; Angelo Perversi;
|
| 300 |
0 |
|
|b fot.
|
| 653 |
|
|
|a LUMINOTECNIA
|
| 653 |
|
|
|a ARTEFACTOS
|
| 653 |
|
|
|a ILUMINACION
|
| 653 |
|
|
|a LAMPARAS
|
| 653 |
|
|
|a LUMINARIAS
|
| 653 |
|
|
|a ACCESORIOS
|
| 653 |
|
|
|a DISEÑO INDUSTRIAL
|
| 700 |
1 |
|
|a Pagani, Luciano
|
| 700 |
1 |
|
|a Perversi, Angelo
|
| 773 |
0 |
|
|t INTERNI
|g no. 451 [jun. 1995], p. 170-177
|
| 942 |
|
|
|c ARTI
|
| 952 |
|
|
|0 0
|1 0
|4 0
|7 0
|9 74043
|a AR-BAuAD
|b AR-BAuAD
|d 2025-07-11
|l 0
|p AAQA029124
|r 2025-07-11 11:23:48
|w 2025-07-11
|y ARTI
|
| 990 |
|
|
|a DI199
|b TD
|
| 998 |
|
|
|a AAQ
|b BIBUN76
|
| 999 |
|
|
|c 53716
|d 53716
|